Anima Christi!

Hlavní autor: Malát, Jan, 1843-1915
Další autoři: Dostál-Lutinov, Karel, 1871-1923
Jazyk: Latina
Vydáno: Kutná Hora : Česká hudba, [1917]
Fyzický popis: 4 s.
Hudebniny Hudebniny
Uloženo v:
LEADER 00814ncm a22002292a 4500
001 001249476
003 CZ BrMZK
005 20120917122820.0
007 qu
008 120917s1917 xr |||||||||||||||||lat d
040 |a BOA001  |b cze 
072 7 |a 783  |x Církevní hudba. Duchovní hudba. Náboženská hudba  |2 Konspekt  |9 9 
100 1 |a Malát, Jan,  |d 1843-1915  |7 jk01073183  |4 cmp 
245 1 0 |a Anima Christi!  |h [hudebnina] /  |c Jan Malát ; slova Dostála-Lutinova 
260 |a Kutná Hora :  |b Česká hudba,  |c [1917] 
300 |a 4 s. 
500 |a Pro tenor a bas s varhanním doprovodem 
700 1 |a Dostál-Lutinov, Karel,  |d 1871-1923  |7 jk01022828  |4 lyr 
910 |a BOA001  |b Mus4-0478.801 
990 |a MU 
991 |b 201209 
996 6 |b 2619076593  |c Mus4-0478.801  |l MZK  |r Sklad / do 1 hodiny  |n 0  |w 001283567  |u 000010  |a 1  |e BOA001  |j MZK50  |s P